[Event "Lancaster Major 2nd"]
[Site "Lancaster"]
[Date "2024.08.10"]
[Round "2.15"]
[White "Woozeer, Seth"]
[Black "Lee, Jordan"]
[Result "1/2-1/2"]
[WhiteElo "1698"]
[BlackElo "1810"]
[PlyCount "37"]
[EventDate "2024.08.09"]
[EventType "swiss"]
[EventRounds "5"]
[EventCountry "ENG"]
[SourceTitle "BritBase"]
[Source "John Saunders"]
[SourceDate "2024.08.31"]
[SourceVersion "1"]
[SourceVersionDate "2024.08.28"]
[SourceQuality "1"]

1. e4 c6 2. d4 d5 3. e5 Bf5 4. Nd2 e6 5. Nb3 Nd7 6. Nf3 c5 7. dxc5 Nxc5 8. Nxc5 Qa5+ 9. c3 Qxc5 10. Nd4 Bg6 11. Bb5+ Kd8 12. O-O a6 13. Bd3 Ne7 14. Bf4 Nc6 15. Nxc6+ Qxc6 16. Re1 Bxd3 17. Qxd3 h6 18. Rad1 b5 19. h4 1/2-1/2

[Event "Lancaster Major 2nd"]
[Site "Lancaster"]
[Date "2024.08.10"]
[Round "2.16"]
[White "Collins, Nigel"]
[Black "Doherty, Paul D"]
[Result "0-1"]
[WhiteElo "1500"]
[BlackElo "1774"]
[PlyCount "54"]
[EventDate "2024.08.09"]
[EventType "swiss"]
[EventRounds "5"]
[EventCountry "ENG"]
[SourceTitle "BritBase"]
[Source "John Saunders"]
[SourceDate "2024.08.31"]
[SourceVersion "1"]
[SourceVersionDate "2024.08.28"]
[SourceQuality "1"]

1. c4 f5 2. Nc3 Nf6 3. g3 e6 4. Bg2 Be7 5. d3 d6 6. e4 O-O 7. Nge2 c6 8. O-O e5 9. h3 Qe8 10. f4 Qg6 11. Kh2 Be6 12. b3 Nbd7 13. Qe1 Nc5 14. exf5 Bxf5 15. d4 Nd3 16. Qd2 h5 17. dxe5 dxe5 18. fxe5 Ng4+ 19. hxg4 hxg4 20. Nf4 Qh7+ 21. Kg1 Bc5+ 22. Rf2 Nxf2 23. Kf1 Rad8 24. Qe2 Bd3 25. Nxd3 Nxd3+ 26. Bf4 Nxf4 27. Qe4 Nxg2+ 0-1

[Event "Lancaster Major 2nd"]
[Site "Lancaster"]
[Date "2024.08.10"]
[Round "2.17"]
[White "McGuinness, Simon P"]
[Black "Connor, Michael"]
[Result "1/2-1/2"]
[WhiteElo "1887"]
[BlackElo "1785"]
[PlyCount "165"]
[EventDate "2024.08.09"]
[EventType "swiss"]
[EventRounds "5"]
[EventCountry "ENG"]
[SourceTitle "BritBase"]
[Source "John Saunders"]
[SourceDate "2024.08.31"]
[SourceVersion "1"]
[SourceVersionDate "2024.08.28"]
[SourceQuality "1"]

1. d4 Nf6 2. e3 g6 3. Be2 Bg7 4. c4 d5 5. Nc3 O-O 6. Nf3 c5 7. O-O Nc6 8. dxc5 dxc4 9. Qa4 Qa5 10. Qxa5 Nxa5 11. Bd2 Bg4 12. Nb5 Nc6 13. Bc3 Ne4 14. Bxg7 Kxg7 15. h3 Bxf3 16. Bxf3 Nxc5 17. Bxc6 bxc6 18. Na3 c3 19. Rac1 Na4 20. b3 Nb6 21. Rxc3 Rac8 22. Rfc1 Rfd8 23. Rxc6 Rxc6 24. Rxc6 Rd2 25. Rc2 Rd1+ 26. Kh2 Nd5 27. Kg3 e5 28. Nc4 Nb4 29. Rb2 e4 30. Rd2 Ra1 31. a3 Nd3 32. f3 f5 33. fxe4 fxe4 34. Rc2 Kf6 35. Rc3 Ke6 36. Kh2 Ra2 37. Kg1 Ne1 38. g4 Nf3+ 39. Kf1 Rh2 40. Na5 Rxh3 41. Nc6 a6 42. Nb4 Ne5 43. Nxa6 Nxg4 44. Nc5+ Kd5 45. Nd7 h5 46. b4 Rf3+ 47. Ke2 h4 48. Nb6+ Kd6 49. Nc8+ Ke6 50. Rc6+ Kd7 51. b5 Rxe3+ 52. Kd2 Rxa3 53. Nb6+ Ke7 54. Rxg6 Ne5 55. Rh6 Rb3 56. Nd5+ Kf7 57. Rh7+ Kg6 58. Kc2 Rxb5 59. Rxh4 Rc5+ 60. Kb3 Rc4 61. Ne3 Rd4 62. Nc2 Rd3+ 63. Kb2 Nc4+ 64. Kc1 Kf5 65. Rh8 Rg3 66. Nd4+ Ke5 67. Nc6+ Kf4 68. Rf8+ Ke3 69. Nb4 Rf3 70. Rd8 Ke2 71. Re8 e3 72. Nd5 Rf1+ 73. Kc2 Rf5 74. Nxe3 Nxe3+ 75. Kc3 Rd5 76. Re7 Rd3+ 77. Kb2 Kd2 78. Rh7 Nc4+ 79. Kb1 Kc3 80. Rc7 Rd2 81. Rf7 Rb2+ 82. Kc1 Ra2 83. Kd1 1/2-1/2

[Event "Lancaster Major 2nd"]
[Site "Lancaster"]
[Date "2024.08.10"]
[Round "2.18"]
[White "Shaw, Kevin F"]
[Black "Kryshtafor, Maksym"]
[Result "0-1"]
[WhiteElo "1774"]
[BlackElo "1816"]
[PlyCount "102"]
[EventDate "2024.08.09"]
[EventType "swiss"]
[EventRounds "5"]
[EventCountry "ENG"]
[SourceTitle "BritBase"]
[Source "John Saunders"]
[SourceDate "2024.08.31"]
[SourceVersion "1"]
[SourceVersionDate "2024.08.28"]
[SourceQuality "1"]

1. e4 e5 2. Nf3 Nc6 3. Bc4 Bc5 4. O-O Nf6 5. d3 h6 6. h3 d6 7. c3 Be6 8. Bxe6 fxe6 9. d4 exd4 10. cxd4 Bb6 11. Nc3 e5 12. Be3 exd4 13. Nxd4 Nxd4 14. Bxd4 O-O 15. Re1 Re8 16. Qd3 Bxd4 17. Qxd4 Qe7 18. Rad1 a6 19. Nd5 Qf7 20. Nxf6+ gxf6 21. Re3 Rad8 22. Rg3+ Kh7 23. Rf3 Re5 24. Rdd3 c5 25. Qe3 d5 26. Qf4 Rxe4 27. Qf5+ Kh8 28. Qxf6+ Qxf6 29. Rxf6 d4 30. Rg3 Rh4 31. Kf1 Re8 32. Rd6 c4 33. Rf3 d3 34. g4 h5 35. Rf7 Rxh3 36. g5 Kg8 37. Rxb7 Rh1+ 38. Kg2 Rh4 39. Rg6+ Kf8 40. Rd7 Re7 41. Rd5 Rg4+ 42. Kf3 Rf7+ 43. Ke3 Rff4 44. f3 Rh4 45. Rxa6 Rf7 46. Rf6 Rxf6 47. gxf6 Rh2 48. Kd4 Rc2 49. b3 d2 50. Ke3 c3 51. Ke2 Rc1 0-1

[Event "Lancaster Major 2nd"]
[Site "Lancaster"]
[Date "2024.08.10"]
[Round "2.19"]
[White "Carter, Bowie"]
[Black "Williamson, Graham A"]
[Result "1/2-1/2"]
[WhiteElo "1812"]
[BlackElo "1754"]
[PlyCount "28"]
[EventDate "2024.08.09"]
[EventType "swiss"]
[EventRounds "5"]
[EventCountry "ENG"]
[SourceTitle "BritBase"]
[Source "John Saunders"]
[SourceDate "2024.08.31"]
[SourceVersion "1"]
[SourceVersionDate "2024.08.28"]
[SourceQuality "1"]

1. e4 d5 2. exd5 Nf6 3. Nc3 Bg4 4. Be2 Bxe2 5. Ngxe2 Nxd5 6. d4 Nc6 7. Be3 a6 8. O-O e6 9. Nxd5 Qxd5 10. Nc3 Qf5 11. a3 Bd6 12. Qe2 O-O 13. f4 Rad8 14. Rad1 Ne7 1/2-1/2

[Event "Lancaster Major 2nd"]
[Site "Lancaster"]
[Date "2024.08.10"]
[Round "2.20"]
[White "Blackburn, Jon E"]
[Black "Dean, Robert A"]
[Result "1/2-1/2"]
[WhiteElo "1697"]
[BlackElo "1800"]
[PlyCount "32"]
[EventDate "2024.08.09"]
[EventType "swiss"]
[EventRounds "5"]
[EventCountry "ENG"]
[SourceTitle "BritBase"]
[Source "John Saunders"]
[SourceDate "2024.08.31"]
[SourceVersion "1"]
[SourceVersionDate "2024.08.28"]
[SourceQuality "1"]

1. d4 d5 2. Nf3 Nf6 3. Bf4 g6 4. Nbd2 Bg7 5. h3 Nbd7 6. e3 O-O 7. c3 c5 8. Be2 Re8 9. O-O Ne4 10. a4 cxd4 11. exd4 Ndf6 12. Ne5 Nxd2 13. Qxd2 a6 14. Bd3 Bd7 15. Rfe1 Rc8 16. a5 Bc6 1/2-1/2

[Event "Lancaster Major 2nd"]
[Site "Lancaster"]
[Date "2024.08.10"]
[Round "2.21"]
[White "O'Gorman, Brendan"]
[Black "Blackburn, Sandra G"]
[Result "1/2-1/2"]
[WhiteElo "1797"]
[BlackElo "1528"]
[PlyCount "72"]
[EventDate "2024.08.09"]
[EventType "swiss"]
[EventRounds "5"]
[EventCountry "ENG"]
[SourceTitle "BritBase"]
[Source "John Saunders"]
[SourceDate "2024.08.31"]
[SourceVersion "1"]
[SourceVersionDate "2024.08.28"]
[SourceQuality "1"]

1. e4 c5 2. Ne2 d6 3. c4 Nf6 4. Nbc3 g6 5. d4 cxd4 6. Nxd4 Bg7 7. Be2 O-O 8. O-O Bd7 9. Be3 Nc6 10. Nc2 a6 11. f3 Be6 12. Qd2 Ne5 13. b3 Rc8 14. Rac1 Ned7 15. Nd5 Bxd5 16. cxd5 b5 17. Nd4 Nb8 18. Rxc8 Qxc8 19. Rc1 Qb7 20. Qc2 Ne8 21. Nc6 Nxc6 22. Qxc6 Qxc6 23. Rxc6 Nf6 24. Rxa6 Rb8 25. Bxb5 Rxb5 26. Ra8+ Bf8 27. Bh6 Nd7 28. Be3 Rb8 29. Rxb8 Nxb8 30. b4 Bg7 31. a4 Bc3 32. b5 Ba5 33. b6 Kf8 34. b7 Ke8 35. Ba7 Bc7 36. a5 Na6 1/2-1/2

[Event "Lancaster Major 2nd"]
[Site "Lancaster"]
[Date "2024.08.10"]
[Round "2.22"]
[White "Cherrington, Joshua"]
[Black "Richmond, Charles J"]
[Result "1-0"]
[WhiteElo "1631"]
[BlackElo "1561"]
[PlyCount "45"]
[EventDate "2024.08.09"]
[EventType "swiss"]
[EventRounds "5"]
[EventCountry "ENG"]
[SourceTitle "BritBase"]
[Source "John Saunders"]
[SourceDate "2024.08.31"]
[SourceVersion "1"]
[SourceVersionDate "2024.08.28"]
[SourceQuality "1"]

1. Nf3 e6 2. b3 d5 3. e3 Nf6 4. Bb2 Be7 5. d4 b6 6. Bd3 Bb7 7. Nbd2 Nbd7 8. O-O O-O 9. c4 dxc4 10. Nxc4 c5 11. Rc1 cxd4 12. Bxd4 b5 13. Ncd2 a6 14. Qe2 Ba3 15. Rc2 Rc8 16. Rxc8 Qxc8 17. e4 Re8 18. e5 Ng4 19. Bxh7+ Kf8 20. Ng5 Nh6 21. Qh5 Be7 22. Qxf7+ Nxf7 23. Nxe6# 1-0

[Event "Lancaster Major 2nd"]
[Site "Lancaster"]
[Date "2024.08.10"]
[Round "2.23"]
[White "Emmerton, Stephen J"]
[Black "Barton, Zachary"]
[Result "0-1"]
[WhiteElo "1585"]
[BlackElo "1878"]
[PlyCount "92"]
[EventDate "2024.08.09"]
[EventType "swiss"]
[EventRounds "5"]
[EventCountry "ENG"]
[SourceTitle "BritBase"]
[Source "John Saunders"]
[SourceDate "2024.08.31"]
[SourceVersion "1"]
[SourceVersionDate "2024.08.28"]
[SourceQuality "1"]

1. e4 c6 2. Nc3 d5 3. Nf3 Bg4 4. Be2 e6 5. O-O Nf6 6. exd5 cxd5 7. Nd4 Bxe2 8. Qxe2 Be7 9. Qb5+ Qd7 10. d3 Nc6 11. Nxc6 bxc6 12. Qa4 O-O 13. Ne2 c5 14. Qxd7 Nxd7 15. d4 Rab8 16. dxc5 Bxc5 17. b3 Nf6 18. Bb2 Rbc8 19. Rfd1 Rfd8 20. c3 Ne4 21. Rf1 Be7 22. Rac1 h6 23. Ng3 Nxg3 24. hxg3 Bf6 25. Rfd1 Rc6 26. Rc2 Rdc8 27. Rd3 a5 28. Kf1 a4 29. b4 Rc4 30. a3 d4 31. Ba1 dxc3 32. Rd6 Kf8 33. Ke2 Ke7 34. Ra6 Re4+ 35. Kf3 Re1 36. Bxc3 Rxc3+ 37. Rxc3 Bxc3 38. Rxa4 Re5 39. Ra7+ Kf6 40. Rc7 Bd4 41. Rc2 Rb5 42. Ke4 Ba7 43. f4 Rd5 44. Rc7 Rd4+ 45. Kf3 Rd3+ 46. Ke4 Re3# 0-1

[Event "Lancaster Major 2nd"]
[Site "Lancaster"]
[Date "2024.08.10"]
[Round "2.24"]
[White "Howells, Stephen Wyn"]
[Black "Llewellyn, Alan Mansel"]
[Result "0-1"]
[WhiteElo "1776"]
[BlackElo "1680"]
[PlyCount "62"]
[EventDate "2024.08.09"]
[EventType "swiss"]
[EventRounds "5"]
[EventCountry "ENG"]
[SourceTitle "BritBase"]
[Source "John Saunders"]
[SourceDate "2024.08.31"]
[SourceVersion "1"]
[SourceVersionDate "2024.08.28"]
[SourceQuality "1"]

1. d4 Nf6 2. Bf4 c6 3. e3 g5 4. Bg3 h5 5. h4 Ne4 6. hxg5 Nxg3 7. fxg3 Qa5+ 8. c3 Qxg5 9. Qf3 d5 10. Nh3 Qg4 11. Be2 Rh6 12. Qxf7+ Kxf7 13. Bxg4 hxg4 14. Rf1+ Rf6 15. Nf4 Bh6 16. Rh1 Bxf4 17. gxf4 Nd7 18. Nd2 Nb6 19. b3 Bf5 20. Kf2 Kg7 21. Rae1 Rh8 22. Rxh8 Kxh8 23. e4 Bxe4 24. g3 Rh6 25. Nxe4 dxe4 26. Rxe4 Nd5 27. c4 Nc3 28. Rxe7 Rh2+ 29. Kg1 Rxa2 30. f5 Ne2+ 31. Kf1 Nxg3+ 0-1

[Event "Lancaster Major 2nd"]
[Site "Lancaster"]
[Date "2024.08.10"]
[Round "3.13"]
[White "Doherty, Paul D"]
[Black "Layhe, Simon"]
[Result "0-1"]
[WhiteElo "1774"]
[BlackElo "1862"]
[PlyCount "80"]
[EventDate "2024.08.09"]
[EventType "swiss"]
[EventRounds "5"]
[EventCountry "ENG"]
[SourceTitle "BritBase"]
[Source "John Saunders"]
[SourceDate "2024.08.31"]
[SourceVersion "1"]
[SourceVersionDate "2024.08.28"]
[SourceQuality "1"]

1. e4 c6 2. Nc3 d5 3. Qf3 d4 4. Bc4 e6 5. Nce2 c5 6. d3 Nc6 7. Qg3 Nge7 8. f4 Ng6 9. Nf3 b5 10. Bb3 Be7 11. h4 h5 12. a3 Bd7 13. Ng5 Bxg5 14. fxg5 Nce5 15. O-O Ng4 16. Bd2 Qb8 17. Qxb8+ Rxb8 18. g3 Rc8 19. Ba2 f6 20. gxf6 gxf6 21. Nf4 Nxf4 22. Rxf4 Rg8 23. Kg2 Ke7 24. c3 Rg6 25. Rc1 Ne5 26. Bb1 Rcg8 27. Be1 Bc6 28. Kh2 Kd7 29. Rd1 Ng4+ 30. Kh3 Ne3 31. Rd2 e5 32. Rf3 Ke7 33. Bf2 Bd7+ 34. Rf5 Bxf5+ 35. exf5 Nxf5 36. Ba2 R8g7 37. cxd4 cxd4 38. Bd5 Nxg3 39. Rc2 Kd6 40. Bf3 Nf1 0-1

[Event "Lancaster Major 2nd"]
[Site "Lancaster"]
[Date "2024.08.10"]
[Round "3.14"]
[White "Kryshtafor, Maksym"]
[Black "Woozeer, Seth"]
[Result "0-1"]
[WhiteElo "1816"]
[BlackElo "1698"]
[PlyCount "104"]
[EventDate "2024.08.09"]
[EventType "swiss"]
[EventRounds "5"]
[EventCountry "ENG"]
[SourceTitle "BritBase"]
[Source "John Saunders"]
[SourceDate "2024.08.31"]
[SourceVersion "1"]
[SourceVersionDate "2024.08.28"]
[SourceQuality "1"]

1. e4 c5 2. Nf3 Nc6 3. d4 cxd4 4. Nxd4 g6 5. Nc3 Bg7 6. Be3 Nf6 7. Bc4 O-O 8. Qe2 d6 9. O-O-O Ng4 10. Nxc6 bxc6 11. Bd4 Ne5 12. h4 h5 13. f3 Qa5 14. Bxe5 Bxe5 15. Rd3 Qb4 16. Bb3 Ba6 17. g4 Bxd3 18. Qxd3 Qd4 19. Qd1 Qe3+ 20. Kb1 Bxc3 21. bxc3 hxg4 22. h5 Qxf3 23. Qc1 Qxe4 24. Rh4 Kg7 25. Qd2 Qf5 26. Qd4+ e5 27. h6+ Kh7 28. Qxd6 g3 29. Qd2 Qf1+ 30. Kb2 g2 31. Rg4 g1=Q 32. Rxg1 Qxg1 33. Qd7 Qf2 34. Qxc6 Rac8 35. Qd6 Qf5 36. a4 Rcd8 37. Qe7 e4 38. Qxa7 Qf4 39. Qe7 e3 40. a5 Rde8 41. Qd7 e2 42. a6 e1=Q 43. Bc4 Qfc1+ 44. Kb3 Rb8+ 45. Bb5 Qe6+ 46. Ka4 Qxd7 47. c4 Rxb5 48. cxb5 Qd4+ 49. c4 Qcxc4+ 50. Ka5 Qb2 51. Kb6 Qbxb5+ 52. Ka7 Qc7# 0-1

[Event "Lancaster Major 2nd"]
[Site "Lancaster"]
[Date "2024.08.10"]
[Round "3.15"]
[White "Lee, Jordan"]
[Black "Tedd, Bernie"]
[Result "1/2-1/2"]
[WhiteElo "1810"]
[BlackElo "1772"]
[PlyCount "162"]
[EventDate "2024.08.09"]
[EventType "swiss"]
[EventRounds "5"]
[EventCountry "ENG"]
[SourceTitle "BritBase"]
[Source "John Saunders"]
[SourceDate "2024.08.31"]
[SourceVersion "1"]
[SourceVersionDate "2024.08.28"]
[SourceQuality "1"]

1. e4 d5 2. exd5 Qxd5 3. Nc3 Qa5 4. d4 Nf6 5. Bd2 Bg4 6. Be2 Bxe2 7. Ncxe2 Qa6 8. Nf3 Nc6 9. O-O Rd8 10. Re1 e6 11. c3 Be7 12. a4 Qd3 13. Nf4 Qf5 14. Ne5 h5 15. Nxc6 bxc6 16. Re5 Qh7 17. Qf3 c5 18. Qc6+ Kf8 19. Be3 Bd6 20. Rxc5 Qc2 21. Rb5 g6 22. f3 Kg7 23. Rb7 Rb8 24. Rc1 Qf5 25. Nh3 Qd3 26. Re1 Nd5 27. Bf2 Ne7 28. Qb5 Qxb5 29. Rxb5 a6 30. Rxb8 Rxb8 31. b4 c6 32. Ng5 Nd5 33. Ne4 Bf4 34. Bg3 Bxg3 35. hxg3 f5 36. Nc5 Nxc3 37. Rxe6 Rxb4 38. Rxc6 Nxa4 39. Rxa6 Nxc5 40. dxc5 Rc4 41. c6 Kf7 42. Kf2 Ke7 43. c7 Rxc7 44. Rxg6 Rc2+ 45. Kg1 Kf7 46. Rg5 Kf6 47. Rxh5 Kg6 48. Rh4 Rc1+ 49. Kh2 Rc2 50. Rf4 Rc1 51. g4 fxg4 52. Rxg4+ Kf5 53. Rg8 Rc2 54. Kh3 Kf4 55. Rf8+ Kg5 56. f4+ Kg6 57. Kg3 Rc4 58. Re8 Rb4 59. Kf3 Rb3+ 60. Re3 Rb1 61. g4 Rf1+ 62. Ke4 Rg1 63. g5 Rf1 64. Ke5 Rf2 65. Rg3 Re2+ 66. Kd4 Rf2 67. Ke3 Rf1 68. Rg2 Kf5 69. g6 Re1+ 70. Kf3 Re8 71. Rg5+ Kf6 72. Kg4 Re1 73. Kg3 Rg1+ 74. Kf3 Rxg5 75. fxg5+ Kxg6 76. Kg4 Kg7 77. Kf5 Kf7 78. g6+ Kg8 79. Kf6 Kf8 80. Kf5 Kg7 81. Kg5 Kg8 1/2-1/2

[Event "Lancaster Major 2nd"]
[Site "Lancaster"]
[Date "2024.08.10"]
[Round "3.16"]
[White "Llewellyn, Alan Mansel"]
[Black "McGuinness, Simon P"]
[Result "0-1"]
[WhiteElo "1644"]
[BlackElo "1887"]
[PlyCount "114"]
[EventDate "2024.08.09"]
[EventType "swiss"]
[EventRounds "5"]
[EventCountry "ENG"]
[SourceTitle "BritBase"]
[Source "John Saunders"]
[SourceDate "2024.08.31"]
[SourceVersion "1"]
[SourceVersionDate "2024.08.28"]
[SourceQuality "1"]

1. c4 e6 2. Nc3 f5 3. d3 Nf6 4. e4 fxe4 5. dxe4 Nc6 6. Nf3 e5 7. Bg5 Be7 8. Qd2 d6 9. Bxf6 Bxf6 10. Nd5 Bg4 11. Nxf6+ Qxf6 12. Qg5 Bxf3 13. Qxf6 gxf6 14. gxf3 Nd4 15. O-O-O Nxf3 16. Be2 Nd4 17. Bh5+ Ke7 18. Rhg1 Rhg8 19. f4 Ne6 20. f5 Nf4 21. Bf3 Nh3 22. Rg3 Rxg3 23. hxg3 Rg8 24. g4 Ng5 25. Bg2 a5 26. Rh1 Ra8 27. a4 Kd7 28. Bf1 Kc6 29. Kc2 Kc5 30. Rh6 Rf8 31. Bd3 Rf7 32. Kc3 Nf3 33. Be2 Nd4 34. Bd1 Nc6 35. b3 Nb4 36. Be2 Na6 37. Bf1 c6 38. Be2 Nc7 39. Bf3 Na6 40. Be2 Nb8 41. Bd1 Nd7 42. Be2 Kb6 43. g5 Nc5 44. Bf3 fxg5 45. Rxd6 Rd7 46. Rxd7 Nxd7 47. Bg2 Kc5 48. Bf3 Nf6 49. Bd1 Nxe4+ 50. Kc2 Nf6 51. Kd3 h5 52. Ke3 Kb4 53. Kf3 Kc3 54. Ke3 h4 55. Kf3 Kd2 56. Be2 g4+ 57. Kf2 g3+ 0-1

[Event "Lancaster Major 2nd"]
[Site "Lancaster"]
[Date "2024.08.10"]
[Round "3.17"]
[White "Barton, Zachary"]
[Black "Blackburn, Jon E"]
[Result "1/2-1/2"]
[WhiteElo "1878"]
[BlackElo "1697"]
[PlyCount "53"]
[EventDate "2024.08.09"]
[EventType "swiss"]
[EventRounds "5"]
[EventCountry "ENG"]
[SourceTitle "BritBase"]
[Source "John Saunders"]
[SourceDate "2024.08.31"]
[SourceVersion "1"]
[SourceVersionDate "2024.08.28"]
[SourceQuality "1"]

1. e4 e6 2. d4 d5 3. Nd2 Nf6 4. e5 Nfd7 5. Bd3 c5 6. c3 Nc6 7. Ngf3 cxd4 8. cxd4 f6 9. exf6 Nxf6 10. O-O Bd6 11. Re1 O-O 12. Nf1 Qc7 13. Bg5 Bf4 14. Bxf4 Qxf4 15. Qd2 Qxd2 16. N1xd2 Bd7 17. a3 a6 18. b4 b5 19. Nb3 Bc8 20. Rac1 Nd8 21. Ne5 Ne8 22. Nc5 Nd6 23. Be2 Nc4 24. Nxc4 bxc4 25. Rcd1 Rf6 26. Bg4 Kf7 27. Re2 1/2-1/2

[Event "Lancaster Major 2nd"]
[Site "Lancaster"]
[Date "2024.08.10"]
[Round "3.18"]
[White "Blackburn, Sandra G"]
[Black "Carter, Bowie"]
[Result "0-1"]
[WhiteElo "1528"]
[BlackElo "1812"]
[PlyCount "94"]
[EventDate "2024.08.09"]
[EventType "swiss"]
[EventRounds "5"]
[EventCountry "ENG"]
[SourceTitle "BritBase"]
[Source "John Saunders"]
[SourceDate "2024.08.31"]
[SourceVersion "1"]
[SourceVersionDate "2024.08.28"]
[SourceQuality "1"]

1. d4 Nf6 2. Nf3 g6 3. Bg5 Bg7 4. Nbd2 d6 5. e3 Nbd7 6. c3 b6 7. Bd3 Bb7 8. O-O O-O 9. Re1 e5 10. dxe5 Nxe5 11. Nxe5 dxe5 12. Bc2 h6 13. Bxf6 Qxf6 14. Be4 Bxe4 15. Nxe4 Qe7 16. Qc2 f5 17. Qb3+ Kh7 18. Ng3 Rad8 19. Rad1 Rxd1 20. Rxd1 f4 21. exf4 exf4 22. Nf1 Be5 23. Qd5 Bd6 24. f3 Rd8 25. Qb3 Rd7 26. Kh1 Qe2 27. Qd5 Qxb2 28. Qd2 Qxd2 29. Rxd2 Re7 30. Rd1 Re2 31. Nd2 a5 32. a4 Re6 33. Ne4 Kg7 34. Kg1 Kf7 35. Kf1 Ke7 36. Nxd6 Rxd6 37. Re1+ Re6 38. Rxe6+ Kxe6 39. Ke2 Kd5 40. Kd3 c6 41. c4+ Kc5 42. Kc3 b5 43. cxb5 cxb5 44. axb5 Kxb5 45. g3 g5 46. gxf4 gxf4 47. h4 Kc5 0-1

[Event "Lancaster Major 2nd"]
[Site "Lancaster"]
[Date "2024.08.10"]
[Round "3.19"]
[White "Dean, Robert A"]
[Black "Murdoch, Stephen"]
[Result "1-0"]
[WhiteElo "1800"]
[BlackElo "1609"]
[PlyCount "71"]
[EventDate "2024.08.09"]
[EventType "swiss"]
[EventRounds "5"]
[EventCountry "ENG"]
[SourceTitle "BritBase"]
[Source "John Saunders"]
[SourceDate "2024.08.31"]
[SourceVersion "1"]
[SourceVersionDate "2024.08.28"]
[SourceQuality "1"]

1. e4 c6 2. c4 d5 3. cxd5 cxd5 4. exd5 Nf6 5. Nc3 g6 6. Qb3 Bg7 7. Nf3 O-O 8. d4 Nbd7 9. Bd3 Nb6 10. O-O Nbxd5 11. Re1 Nxc3 12. bxc3 e6 13. Ba3 Re8 14. Rad1 b6 15. Ne5 Qc7 16. h3 a6 17. Bb4 Bb7 18. c4 Nd7 19. Nxd7 Qxd7 20. Bc3 Qc7 21. a4 Rad8 22. Be4 Bxe4 23. Rxe4 Qc6 24. Rde1 Rc8 25. d5 exd5 26. cxd5 Qd7 27. Rxe8+ Rxe8 28. Rxe8+ Qxe8 29. Bxg7 Kxg7 30. Qc3+ Kf8 31. d6 Kg8 32. Qc7 Qe1+ 33. Kh2 Qe5+ 34. g3 Kf8 35. Qxb6 Qe2 36. d7 1-0

[Event "Lancaster Major 2nd"]
[Site "Lancaster"]
[Date "2024.08.10"]
[Round "3.20"]
[White "Williamson, Graham A"]
[Black "O'Gorman, Brendan"]
[Result "1/2-1/2"]
[WhiteElo "1754"]
[BlackElo "1797"]
[PlyCount "33"]
[EventDate "2024.08.09"]
[EventType "swiss"]
[EventRounds "5"]
[EventCountry "ENG"]
[SourceTitle "BritBase"]
[Source "John Saunders"]
[SourceDate "2024.08.31"]
[SourceVersion "1"]
[SourceVersionDate "2024.08.28"]
[SourceQuality "1"]

1. d4 d5 2. Bf4 e6 3. e3 Nf6 4. Nf3 Bd6 5. Bd3 O-O 6. Nbd2 c5 7. c3 Qc7 8. Bxd6 Qxd6 9. Ne5 b6 10. Qe2 a5 11. O-O Ba6 12. f4 Bxd3 13. Qxd3 Nc6 14. Rf3 Ne7 15. Raf1 Nd7 16. Rh3 g6 17. g4 1/2-1/2

[Event "Lancaster Major 2nd"]
[Site "Lancaster"]
[Date "2024.08.10"]
[Round "3.21"]
[White "Connor, Michael"]
[Black "Collins, Nigel"]
[Result "1-0"]
[WhiteElo "1875"]
[BlackElo "1500"]
[PlyCount "140"]
[EventDate "2024.08.09"]
[EventType "swiss"]
[EventRounds "5"]
[EventCountry "ENG"]
[SourceTitle "BritBase"]
[Source "John Saunders"]
[SourceDate "2024.08.31"]
[SourceVersion "1"]
[SourceVersionDate "2024.08.28"]
[SourceQuality "1"]

1. d4 Nf6 2. c4 g6 3. g3 d5 4. Bg2 Bg7 5. Nf3 O-O 6. O-O c6 7. b3 a5 8. Bb2 dxc4 9. bxc4 Bf5 10. Nbd2 Ne4 11. e3 Nd7 12. Qe2 Qc7 13. Rac1 Rfe8 14. Rfd1 Rad8 15. Ne1 Nxd2 16. Rxd2 Nb6 17. c5 Nc8 18. Bc3 e5 19. e4 Bd7 20. Rb2 exd4 21. Bd2 d3 22. Nxd3 Bxb2 23. Nxb2 Be6 24. Bf4 Qe7 25. Nd3 Bd5 26. f3 f5 27. e5 Na7 28. h4 Nb5 29. Bg5 Qe6 30. Bxd8 Rxd8 31. Nf4 Qe7 32. Qb2 Be6 33. Ne2 Qd7 34. Kf2 Qd3 35. Bf1 Qd2 36. Rc2 Qb4 37. Qxb4 axb4 38. Nf4 Bd5 39. Nxd5 Rxd5 40. Bc4 Nc7 41. Rb2 Kf8 42. Bxd5 Nxd5 43. f4 Ke7 44. a3 bxa3 45. Rxb7+ Ke6 46. Rxh7 a2 47. Ra7 Nb4 48. Ke2 Kd5 49. Kd2 Kc4 50. e6 Nd5 51. Rxa2 Kxc5 52. Ra7 Kd6 53. Ra6 Ne7 54. Kd3 Kxe6 55. Kd4 Kd6 56. Ra7 Nd5 57. Rh7 Ne7 58. Rh6 Kd7 59. Kc5 Kc7 60. Rh7 Kd7 61. Rxe7+ Kxe7 62. Kxc6 Ke6 63. Kc5 Kf7 64. Kd5 Kf6 65. Kd6 Kf7 66. Ke5 Ke7 67. h5 Kf7 68. h6 Kg8 69. Kf6 Kh7 70. Kg5 Kg8 {Black overstepped the time limit of 110 minutes per player – plus 10 seconds per move.} 1-0

[Event "Lancaster Major 2nd"]
[Site "Lancaster"]
[Date "2024.08.10"]
[Round "3.22"]
[White "Shaw, Kevin F"]
[Black "Cherrington, Joshua"]
[Result "1-0"]
[WhiteElo "1774"]
[BlackElo "1631"]
[PlyCount "99"]
[EventDate "2024.08.09"]
[EventType "swiss"]
[EventRounds "5"]
[EventCountry "ENG"]
[SourceTitle "BritBase"]
[Source "John Saunders"]
[SourceDate "2024.08.31"]
[SourceVersion "1"]
[SourceVersionDate "2024.08.28"]
[SourceQuality "1"]

1. e4 c6 2. d4 d5 3. exd5 cxd5 4. c4 Nf6 5. Nc3 e6 6. Nf3 Bb4 7. Bd3 Nc6 8. O-O O-O 9. Re1 dxc4 10. Bxc4 b6 11. a3 Be7 12. h3 Bb7 13. Bf4 Rc8 14. Ba2 Nd5 15. Nxd5 exd5 16. Rc1 Bf6 17. Qd3 Qd7 18. Ne5 Nxe5 19. dxe5 Be7 20. Rcd1 Rfd8 21. Rd2 Qe6 22. Red1 Rc7 23. Qg3 Rcd7 24. Kh2 Qg6 25. Qxg6 hxg6 26. Re1 Ba6 27. e6 fxe6 28. Rxe6 Kf7 29. Re3 Bf6 30. Rg3 Be7 31. Bb1 Rd6 32. Bxd6 Bxd6 33. f4 Bxf4 34. Rf2 g5 35. Kh1 Rc8 36. Rc3 Re8 37. g3 Re1+ 38. Kg2 Rxb1 39. gxf4 gxf4 40. Rxf4+ Kg8 41. Rf2 d4 42. Rc7 d3 43. Rxa7 Bb5 44. Rc7 Rd1 45. Rc8+ Kh7 46. Rd8 Bc6+ 47. Kg3 g5 48. Kg4 Rg1+ 49. Kf5 Ba4 50. Rxd3 1-0